000 00476nam a22002297a 4500
003 UA-OsUOA
001 29564
007 ta
008 20041013b un ||||| |||| 00| 0 ukr d
090 _a821.161.2
_bШ37
942 _cBK
040 _aUA-OsUOA
_brus
_cUA-OsUOA
_dUA-OsUOA
245 _aПоезія 1847-19861
300 _a784 с.
955 _a0
041 _arus
080 _a821.161.2
260 _c2003
044 _aRU
650 7 _2UDC
999 _c315956
_d315956